000 01821nam a2200241Ia 4500
008 260220t1967||||xx |||||||||||||| ||spa||
040 _aPY-SlUNAC
_bspa
_erda
041 _aspa
082 _a531.11
_bW462d
100 _aWells, Dare A.
_eAutor
245 0 _aTeoría y problemas de dinámica de Lagrange /
_cpor Dare A. Wells [Autor]
264 _aCiudad de México :
_bMcGraw-Hill,
_c℗1967.
300 _a1 volumen
520 _aEn "Teoría y problemas de dinámica de Lagrange", Dare A. Wells presenta un enfoque exhaustivo sobre la dinámica de sistemas mecánicos mediante el uso de las ecuaciones de Lagrange. El autor comienza con una introducción a los principios fundamentales de la mecánica clásica, enfatizando la importancia de las coordenadas generalizadas y la energía del sistema. A lo largo del texto, se desarrollan diversas aplicaciones prácticas, que van desde el análisis de sistemas simples hasta problemas más complejos, contemplando la influencia de fuerzas externas y restricciones. La obra también incluye numerosos ejemplos resueltos, ejercicios propuestos y soluciones, lo que facilita la comprensión de los conceptos teóricos. Wells logra así un equilibrio entre la teoría y la práctica, proporcionando herramientas útiles para estudiantes e ingenieros. Este texto se convierte en un recurso valioso no solo para el aprendizaje de la dinámica de Lagrange, sino también para la aplicación de estos principios en diversas áreas de la física y la ingeniería, contribuyendo a una formación sólida en mecánica.
653 _aDinámica
653 _aMatemáticas aplicadas
653 _aMecánica
942 _b2026/02/17
_cBK
999 _c7760
_d7760